| 000 | 00410nam a2200157 4500 | ||
|---|---|---|---|
| 005 | 20250812141215.0 | ||
| 008 | cu123 | ||
| 020 | _a9789988936808 | ||
| 050 |
_aHG 4026 NKE _b1 |
||
| 100 | _aNKETIAH, Seth | ||
| 245 |
_aInformed corporate financial management: _bstrategies and decisions for sustained growth |
||
| 260 |
_aTema _bDigibooks _c2024 |
||
| 300 | _axxviii,706 | ||
| 500 | _atables | ||
| 942 |
_2lcc _cBK _n0 |
||
| 999 |
_c7262 _d7262 |
||